Normal view
MARC view
- JEAM, DAVID
Entry Personal Name
001 - CONTROL NUMBER
- control field: 88354
003 - CONTROL NUMBER IDENTIFIER
- control field: NUST
005 - DATE AND TIME OF LATEST TRANSACTION
- control field: 20220113142544.0
008 - FIXED-LENGTH DATA ELEMENTS
- fixed length control field: 220113|| aca||aabn | a|a d
040 ## - CATALOGING SOURCE
- Original cataloging agency: NUST
- Transcribing agency: NUST
100 ## - HEADING--PERSONAL NAME
- Personal name: JEAM, DAVID
670 ## - SOURCE DATA FOUND
- Source citation: Work cat.: (NUST): JEAM, DAVID., COMPUTER VISION /, 2018.
